LEADER 00976nam a2200241 i 4500 001 000000198867 003 CaOOAMICUS 005 20110312000000.0 008 110312s1960 it u000 u ita u 013 $a177557 040 $aSeMil$bita 100 1 $aPeierls, Rudolf Ernst.$0(OLS)http://semarc/name/71981 240 14$aThe laws of nature.$0(OLS)http://semarc/title/287472 245 13$aLe leggi della natura /$cRudolf Ernst Peierls. 260 $aTorino :$bPaolo Boringhieri,$c1960. 300 $a348 p. ;$c22 cm. 490 0 $aBiblioteca di cultura scientifica ;$v65. 650 4$aNatura.$0(OLS)http://semarc/subject/8947 830 0$aBiblioteca di cultura scientifica ;$v65.$0(OLS)http://semarc/title/6896 850 $aSeMil 852 $aSeMil$W1$xVenegono$y1$m3X II 171$j149420$B149420$CSeMilBibl$Z2$F160817 $81 996 $6245$aLe leggi della natura$9(OLS)http://semarc/title/287471 996 $6260$aTorino :$bPaolo Boringhieri$9(OLS)http://semarc/publisher/30303 LEADER 01027nam a2200241 i 4500 001 000000180333 003 CaOOAMICUS 005 20090706000000.0 008 090706s1969 it u000 u ita u 013 $a157978 040 $aSeMil$bita 100 1 $aRosmini, Antonio,$c.$0(OLS)http://semarc/name/405 245 10$a5 /$cAntonio Rosmini. 260 $aPadova :$bCEDAM,$c1969. 300 $aP. 1196-1438 ;$c25 cm. 773 0 $tOpere edite e inedite di Antonio Rosmini Serbati.$dRoma : Anonima Romana Editoriale : [poi]... Milano ; Fratelli Bocca : [poi]... : Padova CEDAM, 1934-1977.$g39$w()767 773 0 $aRosmini, Antonio $tFilosofia del diritto.$dPadova : CEDAM, 1967-1969.$w()21634 850 $aSeMil 852 $aSeMil$W1$xVenegono$y1$m2Q V 339$j131082$B131082$CSeMilBibl$Z2$F142982 $81 900 1 $aRosmini Serbati, Antonio. 996 $6245$a5$9(OLS)http://semarc/title/179301 996 $6260$aPadova :$bCEDAM$9(OLS)http://semarc/publisher/30274